000 00499 a2200181 4500
003 OSt
005 20260305132127.0
008 260305b |||||||| |||| 00| 0 eng d
020 _a9788126439119
040 _coclc
082 _a894.8123
_bRAM/A
100 _aRamakrishnan, T D
_97031
245 _aALPHA /
_cT D Ramakrishnan
250 _a15th ed.
260 _aKottayam:
_bD C Books.
_c2025,
300 _a118 pages
942 _2ddc
_cBK
_h894.8123
_iRAM/A
_k894.8123
_mRAM/A
999 _c44617
_d44617